Zapojenie priemyslu Východoslovenského kraja do zahraničnoobchodnej činnosti kandidátska dizertačná práca

Uložené v:
Podrobná bibliografia
Hlavný autor: Mikulák, Peter
Ďalší autori: Tesárek, Jaroslav
Médium: Kniha
Jazyk:Slovak
Vydavateľské údaje: Bratislava 1984
Predmet:
Tagy: Pridať tag
Žiadne tagy, Buďte prvý, kto otaguje tento záznam!

MARC

LEADER 00000nam a2200000 4500
001 c002723
005 20221220085954.9
041 0 |a slo 
044 |a SK 
245 1 0 |a Zapojenie priemyslu Východoslovenského kraja do zahraničnoobchodnej činnosti  |b kandidátska dizertačná práca  |c Peter Mikulák ; škol. Jaroslav Tesárek 
264 1 |a Bratislava  |c 1984 
300 |a 189 s.  |e autoreferát 
610 2 0 |a obchod zahraničný 
610 2 0 |a vzťahy hospodárske medzinárodné 
610 2 0 |a východné Slovensko 
610 2 0 |a priemysel 
610 2 0 |a deľba práce medzinárodná 
610 2 0 |a ČSSR 
610 2 0 |a zmeny štruktúrne 
100 1 |a Mikulák, Peter 
700 1 |a Tesárek, Jaroslav